Effective services. (Record no. 61567)
[ view plain ]
| 000 -LEADER | |
|---|---|
| fixed length control field | 00770cam a2200169 4500 |
| 001 - CONTROL NUMBER | |
| control field | WB3532-26 |
| 008 - FIXED-LENGTH DATA ELEMENTS--GENERAL INFORMATION | |
| fixed length control field | 000000n1999 000 0 eng u |
| 035 ## - SYSTEM CONTROL NUMBER | |
| System control number | (Sirsi) u102565 |
| 245 ## - TITLE STATEMENT | |
| Title | Effective services. |
| 260 ## - PUBLICATION, DISTRIBUTION, ETC. | |
| Date of publication, distribution, etc. | 1999 |
| 490 ## - SERIES STATEMENT | |
| Series statement | Estates Gazette |
| Volume/sequential designation | (9932) 14 August 1999, 88(1) |
| 520 ## - SUMMARY, ETC. | |
| Summary, etc. | Discusses the effective service of notices in landlord and tenant disputes following Commercial Union Life Assurance Co Ltd v Moustafa 1999. Where notices are sent by recorded delivery proof of non-delivery will not rebut the presumption of service but the precise time of such deemed service remains open to question. |
| 650 ## - SUBJECT ADDED ENTRY--TOPICAL TERM | |
| Topical term or geographic name entry element | COMMERCIAL UNION LIFE ASSURANCE CO LTD V MOUSTAFA |
| 650 ## - SUBJECT ADDED ENTRY--TOPICAL TERM | |
| Topical term or geographic name entry element | NOTICES |
| 690 ## - LOCAL SUBJECT ADDED ENTRY--TOPICAL TERM (OCLC, RLIN) | |
| Topical term or geographic name as entry element | PROPERTY-LANDLORD AND TENANT |
| 942 ## - ADDED ENTRY ELEMENTS (KOHA) | |
| Suppress in OPAC | 0 |
| Withdrawn status | Lost status | Source of classification or shelving scheme | Damaged status | Not for loan | Home library | Current library | Shelving location | Date acquired | Total Checkouts | Full call number | Barcode | Date last seen | Copy number | Price effective from | Koha item type |
|---|---|---|---|---|---|---|---|---|---|---|---|---|---|---|---|
| Dewey Decimal Classification | London | London | News article | 23/11/1999 | WB3532-26 | 102565-1001 | 06/08/2019 | 1 | 06/08/2019 | News article |